Normal view
MARC view
- Habib Ahmad
Entry Personal Name
001 - CONTROL NUMBER
- control field: 72614
003 - CONTROL NUMBER IDENTIFIER
- control field: NUST
005 - DATE AND TIME OF LATEST TRANSACTION
- control field: 20210628204839.0
008 - FIXED-LENGTH DATA ELEMENTS
- fixed length control field: 210628|| aca||aabn | a|a d
040 ## - CATALOGING SOURCE
- Original cataloging agency: NUST
- Transcribing agency: NUST
100 ## - HEADING--PERSONAL NAME
- Personal name: Habib Ahmad
670 ## - SOURCE DATA FOUND
- Source citation: Work cat.: (NUST): Habib Ahmad , TH-SOF-0945-DESIGN AND DEVELOPMENT OF GAN BASED MONOLITHIC TUNABLE MULTI-WAVELENGTH LEDS, 2001
